| 000 | 00415nam a2200133Ia 4500 | ||
|---|---|---|---|
| 008 | 220204s9999 xx 000 0 und d | ||
| 082 |
_a581.48:582.28 _bBIL |
||
| 100 | _aBILGRAMI, K S | ||
| 245 | 0 | _aChanges in nutritional components of stores seeds due to fungal associations | |
| 260 |
_aNew Delhi _bToday and Tomorrows _c1979 |
||
| 490 | _aInternational bioscience monographs; 9 | ||
| 650 | _aSeeds | ||
| 942 | _cBK | ||
| 999 |
_c36070 _d36070 |
||